书目信息 |
| 题名: |
非常网管
|
|
| 作者: | 王群 , 王春海 编著 | |
| 分册: | 网络管理 | |
| 出版信息: | 北京 人民邮电出版社 2006.06 |
|
| 页数: | 484页 | |
| 开本: | 29cm | |
| 丛书名: | ||
| 单 册: | ||
| 中图分类: | TP393.07 | |
| 科图分类: | ||
| 主题词: | 计算机网络管理--ji suan ji wang luo guan li | |
| 电子资源: | ||
| ISBN: | 7-115-14786-8 | |
| 000 | 00922nam0 2200241 450 | |
| 001 | 012007041698 | |
| 005 | 20110623132339.02 | |
| 010 | @a7-115-14786-8@dCNY49.00 | |
| 100 | @a20070805d2006 km y0chiy0120 ea | |
| 101 | 0 | @achi |
| 102 | @aCN@b110000 | |
| 105 | @aa z 000yy | |
| 200 | 1 | @a非常网管@Afei chang wang guan@i网络管理@f王群, 王春海编著@Fwang qun,wang chun hai bian zhu |
| 210 | @a北京@c人民邮电出版社@d2006.06 | |
| 215 | @a484页@c图@d29cm | |
| 330 | @a本书使用通俗易懂的语言,通过大量的实例,以实际应用为基础,全面系统地介绍了Windows操作系统的管理、基于不同操作系统的网络安全管理和网络设备管理等目前大家十分关注的网络管理技术和实现方法。 | |
| 517 | 1 | @a网络管理@Awang luo guan li |
| 606 | 0 | @a计算机网络管理@Aji suan ji wang luo guan li |
| 690 | @aTP393.07@v4 | |
| 701 | 0 | @a王群@Awang qun@4编著 |
| 701 | 0 | @a王春海@Awang chun hai@4编著 |
| 801 | 0 | @aCN@bQSSK@c20110623 |
| 905 | @aZUCC@dTP393.07@eW315 | |
| 非常网管.网络管理/王群, 王春海编著.-北京:人民邮电出版社,2006.06 |
| 484页:图;29cm |
| ISBN 7-115-14786-8:CNY49.00 |
| 本书使用通俗易懂的语言,通过大量的实例,以实际应用为基础,全面系统地介绍了Windows操作系统的管理、基于不同操作系统的网络安全管理和网络设备管理等目前大家十分关注的网络管理技术和实现方法。 |
| ● |
| 相关链接 |
|
|
|
正题名:非常网管
索取号:TP393.07/W315
 
预约/预借
| 序号 | 登录号 | 条形码 | 馆藏地/架位号 | 状态 | 备注 |
| 1 | 255977 | 202559775 | 自科二线404/301自科库 116排1列2层/ [索取号:TP393.07/W315] | 在馆 | |
| 2 | 842126 | 208421260 | 自科库301/301自科库 121排1列3层/ [索取号:TP393.07/W315] | 在馆 | |
| 3 | 842127 | 208421279 | 自科库301/301自科库 121排1列3层/ [索取号:TP393.07/W315] | 在馆 |